000 00609nam a2200241 a 4500
001 0001-1358
003 ELIB.Books
008 151028 2010 eng
020 _a0393060705
035 _a(ELIB.Books)0001-1513
092 _a261.836
_bBro
100 _aBrown, Lester.
245 _aOutgrowing The Earth
260 _aNew York
_bW. W. Norton & Company
_c2004
300 _a239
_c21 Cm
500 _aC/o Par Si Thu
650 _aEcology- Population
856 _nKBTS: Library
_uKBTS: Elib
942 _2ddc
_cBK
990 _a1
998 _cbat
_e2015-10-28
999 _c11358
_d11358